Námety a návrhy pre pedagogickú prax na využitie vonkajších priestorov materskej školy

Charakteristika podmienok Materskej školy v Zálesí. Súčasný stav školského dvora a jeho zónové rozčlenenie. Návrh riešenia vstupného priestoru do materskej školy, navrhovaný stav školského dvora (detské dopravné ihrisko, besiedka, pieskovisko a pod.).

Bibliographic Details
Main Author: Mechurová, Jana (Author)
Format: Article
Language:Slovak
Subjects:

MARC

LEADER 00000cab a2200000 a 4500
001 vtls001512635
003 SK-MaSNL
005 20260304210114.0
008 140912c20022003xo sr 0 0b0slos
035 |a SPKCL14962 
040 |a SPKCL  |b slo  |c SNKBUCL  |d SPK(MH)  |e AACR2 
041 0 |a slo 
044 |a xo  |c SK 
080 |a 371.616:373.24  |2 1981 
100 1 |a Mechurová, Jana  |4 aut  |9 1410831 
245 1 0 |a Námety a návrhy pre pedagogickú prax na využitie vonkajších priestorov materskej školy  |c Jana Mechurová 
520 |a Charakteristika podmienok Materskej školy v Zálesí. Súčasný stav školského dvora a jeho zónové rozčlenenie. Návrh riešenia vstupného priestoru do materskej školy, navrhovaný stav školského dvora (detské dopravné ihrisko, besiedka, pieskovisko a pod.). 
650 0 7 |a školské pozemky  |2 SNKPH  |9 730728 
650 0 7 |a školské makroprostredie  |2 SNKPH  |9 1540916 
650 0 7 |a materské školy  |2 SNKPH  |9 1278 
650 0 7 |a pedagogická prax  |2 SNKPH  |9 4109 
651 7 |a Zálesie (Kežmarok, Slovensko)  |2 SNKPHgeo  |9 160085 
655 7 |a články  |2 SNKPH  |9 70601 
773 1 |t Predškolská výchova  |g Roč. 57, č. 6 (2002/2003) s. 11-20 
850 |a Slovenská pedagogická knižnica Bratislava 
852 |a SPKCL  |b KIS3GCP  |b 000710000  |n SK 
999 |c 3124490  |d 3126420